01229nam a2200325Ia 450000500170000000800410001702000180005810000360007624501260011225000180023830000580025650000530031452100500036765000430041765000470046065000370050765000460054465000280059065000390061870000270065770000260068494200150071026400280072533600270075333700330078033800280081304000350084108400120087699900150088820220317001427.0161108s2008 ck a g 000 f sp  a9789584238788 aLewis, Clive Staplesd1898-1963 aLas crónicas de Narniabla silla de platacC.S. Lewis ; traducción de Gemma Gallart ; ilustraciones de Pauline Baynes a5a. edición a299 páginasbilustraciones en blanco y negroc21 cm aTítulo original de la obra : The Silver Chair aRecomendado para niños a partir de 9 años142LEMBaNovela juvenil inglesaySiglo XX142LEMBaLiteratura juvenil inglesaySiglo XX142LEMBaAutores inglesesySiglo XX142LEMBaFantasìa en la literaturaxNovela142LEMBaAventurasxNovela142LEMBaMundos FantàsticosxNovela10aBaynes, Pauline97190010aGallart, Gemma971901 2loccBKLIT aBogotábDestinoc2008 atextobtxt2rdacontent asin mediaciónbn2rdamedia avolumenbnc2rdacarrier aCO-BoRNBPbspaerdacCO-BoRNBP aN LEWC2 c6946d6946